01293nam a2200325Ia 4500001001200000003000800012006001900020007001500039008004100054020001800095020001800113040002100131035002100152050002200173100001900195245016400214260006100378300001800439440003500457504004100492533015200533650002600685650002500711655002900736700001900765700002300784710001700807856012600824999001700950ebr10627145CaPaEBRm u cr cn|||||||||121206s2012 dcua sb 000 0 eng d z9781475510706 z9781475511543 aCaPaEBRcCaPaEBR a(OCoLC)81134214114aHC60b.A74 2012eb1 aArezki, Rabah.10aStructural reforms, IMF programs and capacity buildingh[electronic resource] :ban empirical investigation /cRabah Arezki, Marc Quintyn and Frederik Toscani. aWashington, D.C. :bInternational Monetary Fund,cc2012. a28 p. :bill. 0aIMF working paper ;vWP/12/232 aIncludes bibliographical references. aElectronic reproduction.bPalo Alto, Calif. :cebrary,d2011.nAvailable via World Wide Web.nAccess may be limited to ebrary affiliated libraries. 0aTechnical assistance. 0aEconomic assistance. 7aElectronic books.2local1 aQuintyn, Marc.1 aToscani, Frederik.2 aebrary, Inc.40uhttp://site.ebrary.com/lib/rucke/Doc?id=10627145zAn electronic book accessible through the World Wide Web; click to view c49889d49889